LIBRARY & INFORMATION CENTRE, KCAET, TAVANUR

ONLINE PUBLIC ACCESS CATALOGUE (OPAC)

Modification and testing of a coleus harvester (Record no. 14950)

MARC details
000 -LEADER
fixed length control field 00515nam a22001697a 4500
003 - CONTROL NUMBER IDENTIFIER
control field OSt
088 ## - REPORT NUMBER
Report number T 323
100 ## - MAIN ENTRY--AUTHOR NAME
Personal name YOUNUS A
245 ## - TITLE STATEMENT
Title Modification and testing of a coleus harvester
260 ## - PUBLICATION, DISTRIBUTION, ETC. (IMPRINT)
Place of publication Tavanur 2015
Name of publisher Kelappaji College of Agricultural Engineering and Technology
300 ## - PHYSICAL DESCRIPTION
Number of Pages 85
500 ## - GENERAL NOTE
General note Modification and testing of a coleus harvester
520 ## - SUMMARY, ETC.
Summary, etc Modification and testing of a coleus harvester
700 ## - ADDED ENTRY--PERSONAL NAME
Personal name Dr. Jayan P.R (Guide)
942 ## - ADDED ENTRY ELEMENTS (KOHA)
Koha item type Theses
Holdings
Collection code Home library Current library Shelving location Full call number Accession Number Koha item type Public note
Reference KAUAET KAUAET Reference 631.3 YOU/MO T 323 Theses M.Tech Thesis
free website counter